Washington State County by Cities - Statistics

General Stats
  • This quiz has been taken 70 times
  • The average score is 24 of 39
Answer Stats
Cities County % Correct
Seattle, Renton, Kent King
94%
Tacoma, Puyallup, Gig Harbor Pierce
84%
Everett, Marysville, Edmonds Snohomish
80%
Bellingham, Lynden, Ferndale Whatcom
80%
Coupeville, Oak Harbor, Langley Island
78%
Vancouver, Camas, Battle Ground Clark
72%
Friday Harbor, Lopez Island, Orcas Island San Juan
72%
Port Angeles, Sequim, Forks Clallam
70%
Montesano, Aberdeen, Ocean Shores Grays Harbor
70%
Mount Vernon, Anacortes, Sedro-Woolley Skagit
70%
Port Townsend, Port Hadlock-Irondale, Port Ludlow Jefferson
68%
Port Orchard, Bremerton, Bainbridge Island Kitsap
68%
Olympia, Lacey, Tumwater Thurston
68%
Kennewick, Richland, Prosser Benton
66%
Wenatchee, Sunnyslope, Leavenworth Chelan
66%
Pasco, Connell, Basin City Franklin
62%
Ellensburg, Cle Ellum, Roslyn Kittitas
60%
Centralia, Chehalis, Napavine Lewis
60%
Colfax, Pullman, Tekoa Whitman
60%
Toppenish, Grandview, Naches Yakima
60%
Clarkston, Anatone, Cloverland Asotin
58%
Kelso, Longview, Castle Rock Cowlitz
58%
Shelton, Skokomish, Belfair Mason
58%
South Bend, Ilwaco, Long Beach Pacific
58%
Republic, Danville, Pollard Ferry
56%
Omak, Twisp, Elmer City Okanogan
56%
Ephrata, Moses Lake, Quincy Grant
54%
College Place, Prescott, Waitsburg Walla Walla
52%
Ritzville, Othello, Lind Adams
50%
East Wenatchee, Bridgeport, Waterville Douglas
50%
Goldendale, Bingen, White Salmon Klickitat
50%
Stevenson, North Bonneville, Carson Skamania
50%
Pomeroy, Pataha, Peola Garfield
48%
Cheney, Fairfield, Waverly Spokane
48%
Davenport, Odessa, Wilbur Lincoln
46%
Cathlamet, Puget Island, Grays River Wahkiakum
46%
Colville, Chewelah, Kettle Falls Stevens
42%
Newport, Cusick, Ione Pend Oreille
40%
Dayton, Starbuck, Marengo Columbia
38%
No matching quizzes found
Score Distribution
Percent of People with Each Score
Percentile by Number Answered
Your Score History
You have not taken this quiz